Beggary in urban India: reflections on destitution and exploitation (Record no. 85756)

000 -LEADER
fixed length control field 00936pab a2200181 454500
008 - FIXED-LENGTH DATA ELEMENTS--GENERAL INFORMATION
fixed length control field 180718b2007 xxu||||| |||| 00| 0 eng d
100 ## - MAIN ENTRY--PERSONAL NAME
Personal name Sarkar, Sumita
245 ## - TITLE STATEMENT
Title Beggary in urban India: reflections on destitution and exploitation
260 ## - PUBLICATION, DISTRIBUTION, ETC.
Date of publication, distribution, etc. 2007
300 ## - PHYSICAL DESCRIPTION
Extent p.531-44.
362 ## - DATES OF PUBLICATION AND/OR SEQUENTIAL DESIGNATION
Dates of publication and/or sequential designation Oct
520 ## - SUMMARY, ETC.
Summary, etc. The present paper attempts to understand beggary as a growing socio-economic problem and an extreme form of destitution and poverty in urban India. It analyses beggary from a developmental perspective and as an inevitable outcome of exploitation and criminalisation of poor under the vicious force of political economy. The present discourse further explores the possible solutions to deal with beggary under the existing Beggary Laws, the role of NGOs and of Civil Society. - Reproduced.
650 ## - SUBJECT ADDED ENTRY--TOPICAL TERM
Topical term or geographic name entry element Poverty - India
650 ## - SUBJECT ADDED ENTRY--TOPICAL TERM
Topical term or geographic name entry element Poverty
773 ## - HOST ITEM ENTRY
Main entry heading Indian Journal of Social Work
908 ## - PUT COMMAND PARAMETER (RLIN)
Put command parameter N
909 ## -
-- 85756
Holdings
Withdrawn status Lost status Damaged status Not for loan Permanent Location Current Location Date acquired Serial Enumeration / chronology Barcode Date last seen Price effective from Koha item type
        Indian Institute of Public Administration Indian Institute of Public Administration 2018-07-19 Volume no: 68, Issue no: 4 AR86216 2018-07-19 2018-07-19 Articles

Powered by Koha